01336nam a2200337Ia 4500001001200000003000800012006001900020007001500039008004100054010001700095020001500112020002200127020001800149040002100167035002100188050002700209100001800236245012100254260006200375300002200437504006400459533015200523650004000675650004800715655002900763700002500792700002100817710001700838856012600855999001700981ebr10285259CaPaEBRm u cr cn|||||||||001228s2000 enka sb 001 0 eng d z 00712977  z076196620X z0761966218 (pbk.) z9780761966203 aCaPaEBRcCaPaEBR a(OCoLC)32093071914aLB2806.15b.B87 2000eb1 aBusher, Hugh.10aSubject leadership and school improvementh[electronic resource] /cHugh Busher and Alma Harris with Christine Wise. aLondon :bP. Chapman ;aThousand Oaks, CA :bSage,c2000. ax, 214 p. :bill. aIncludes bibliographical references (p. 197-210) and index. aElectronic reproduction.bPalo Alto, Calif. :cebrary,d2009.nAvailable via World Wide Web.nAccess may be limited to ebrary affiliated libraries. 0aCurriculum planningzGreat Britain. 0aSchool improvement programszGreat Britain. 7aElectronic books.2local1 aHarris, Alma,d1958-1 aWise, Christine.2 aebrary, Inc.40uhttp://site.ebrary.com/lib/rucke/Doc?id=10285259zAn electronic book accessible through the World Wide Web; click to view c16877d16877